Smart Mirror Using IoT. (Record no. 66783)

MARC details
000 -LEADER
fixed length control field 00505nam a22001817a 4500
082 ## - DEWEY DECIMAL CLASSIFICATION NUMBER
Classification number R/2CS17
100 ## - MAIN ENTRY--AUTHOR NAME
Personal name Faria Naz
100 ## - MAIN ENTRY--AUTHOR NAME
Personal name Roll No. 17CS14
100 ## - MAIN ENTRY--AUTHOR NAME
Personal name Supervisor - Dr. Imtiaz Ali Halepoto
245 ## - TITLE STATEMENT
Title Smart Mirror Using IoT.
260 ## - PUBLICATION, DISTRIBUTION, ETC. (IMPRINT)
Place of publication Nawabshah
Name of publisher QUEST
Year of publication 2020
300 ## - PHYSICAL DESCRIPTION
Number of Pages 24p
700 ## - ADDED ENTRY--PERSONAL NAME
Personal name Arahma Ansari (Roll No. 17CS17)
700 ## - ADDED ENTRY--PERSONAL NAME
Personal name Amjad Hussain (Roll No. 17CS09)
700 ## - ADDED ENTRY--PERSONAL NAME
Personal name Shah Nawaz (Roll No. 17CS18)
700 ## - ADDED ENTRY--PERSONAL NAME
Personal name Muhammad Sheeraz (Roll No. 17CS05)
942 ## - ADDED ENTRY ELEMENTS (KOHA)
Koha item type Thesis and Dissertation
Holdings
Withdrawn status Lost status Home library Current library Date acquired Full call number Accession Number Koha item type
    Research Section Research Section 07/01/2021 R/2CS17 17CS-T188 Thesis and Dissertation